Online
Catalog

El Dr. José Espaillat y la ensenanza médica en Puerto Rico : (Record no. 10914)

MARC details
000 -CABECERA
campo de control de longitud fija 00884cam a2200229 a 4500
001 - NÚMERO DE CONTROL
campo de control 000011193
005 - FECHA Y HORA DE LA ÚLTIMA TRANSACCIÓN
campo de control 20200929162402.0
008 - DATOS DE LONGITUD FIJA--INFORMACIÓN GENERAL
campo de control de longitud fija 810320s1978 pr b 001 0bspa
040 ## - FUENTE DE LA CATALOGACIÓN
Centro catalogador/agencia de origen DO-SdBNP
Centro/agencia transcriptor DLC
Centro/agencia modificador DLC
043 ## - CÓDIGO DE ÁREA GEOGRÁFICA
Código de área geográfica nwpr---
082 ## - NÚMERO DE LA CLASIFICACIÓN DECIMAL DEWEY
Número de clasificación 610.77295
-- A662d
049 ## - FONDOS LOCALES (OCLC)
Fondos de biblioteca BNGR
100 1# - ENTRADA PRINCIPAL--NOMBRE DE PERSONA
Nombre de persona Arana Soto, Salvador,
Fechas asociadas al nombre 1908-1993
9 (RLIN) 26756
245 13 - MENCIÓN DE TÍTULO
Título El Dr. José Espaillat y la ensenanza médica en Puerto Rico :
Resto del título con datos biograficos de los Dres. Oller, Vargas y el Lic. Antique /
Mención de responsabilidad, etc. Salvador Arana Soto.
260 ## - PUBLICACIÓN, DISTRIBUCIÓN, ETC.
Lugar de publicación, distribución, etc. San Juan de Puerto Rico :
Nombre del editor, distribuidor, etc. Ártes Gráficas Medinaceli,
Fecha de publicación, distribución, etc. 1978.
300 ## - DESCRIPCIÓN FÍSICA
Extensión 188 p. ;
Dimensiones 21 cm.
504 ## - NOTA DE BIBLIOGRAFÍA, ETC.
Nota de bibliografía, etc. Incluye referencias bibliográficas.
600 10 - PUNTO DE ACCESO ADICIONAL DE MATERIA--NOMBRE DE PERSONA
Nombre de persona ESPAILLAT, JOSÉ
Fechas asociadas al nombre 1777-1850.
9 (RLIN) 26757
650 #4 - PUNTO DE ACCESO ADICIONAL DE MATERIA--TÉRMINO DE MATERIA
Término de materia o nombre geográfico como elemento de entrada Médicos
Subdivisión geográfica Puerto Rico
Subdivisión general Biografía
9 (RLIN) 26758
650 #4 - PUNTO DE ACCESO ADICIONAL DE MATERIA--TÉRMINO DE MATERIA
Término de materia o nombre geográfico como elemento de entrada Medicina
Subdivisión geográfica Puerto Rico
Subdivisión general Historia
Subdivisión cronológica SIGLO XIX
9 (RLIN) 26759
910 ## - DATOS DE OPCIÓN DEL USUARIO (OCLC)
Datos de opción del usuario Catalogación por copia / LC
Holdings
Estado de retiro Estado de pérdida Restricciones de uso No para préstamo Código de colección Localización permanente Ubicación/localización actual Ubicación en estantería Fecha de adquisición Número de inventario Total de préstamos Signatura topográfica completa Código de barras Fecha visto por última vez Precio válido a partir de Tipo de ítem Koha Número de copia
    Préstamo interno   Monografías: Libros y Folletos General General En catalogación 14.10.2009 LF1   610.77295 A662d 11193-10 25.06.2020 25.06.2020 Préstamo interno  
    Préstamo restringido Préstamo restrigido Monografías: Libros y Folletos General General En catalogación 14.10.2009 LF1   610.77295 A662d 11193-20 25.06.2020 25.06.2020 Préstamo interno e.2

Powered by Koha